00508nam a2200193 a 4500001001300000003000900013005001700022008004100039020002300080082001500103100002400118245003600142260003700178300000900215500003500224505001000259650002100269700002400290nice12345678IN_TiNIC20260116014457.0070412s1993 newa grp 000 0 eng  a812460021X c29500a181.4bDIV aDivatia, Shuchita C aIdealistic in Indian Philosophy aNew Delhi bDk Printworld c1993 a274p aincludes index and biblioraphy2 aindex aPhilosophy-India1 aDivatia, Shuchita C